Top NIL Athletes - Statistics

General Stats
  • This quiz has been taken 33 times
  • The average score is 8 of 25
Answer Stats
# Sport Amount Athlete % Correct
2 WR/DB $5.2M Travis Hunter
80%
4 Gym $4.2M Livvy Dunne
75%
1 QB $6.2M Shedeur Sanders
75%
20 QB $1.9M Carson Beck
60%
3 QB $5M Arch Manning
55%
11 WR $2.4M Jeremiah Smith
50%
10 WR $2.4M Ryan Williams
50%
21 QB $1.9M Jaxson Dart
45%
5 SF $2.9M Cooper Flagg
40%
9 QB $2.4M Quinn Ewers
40%
15 QB $2.1M Dillon Gabriel
35%
7 QB $2.7M Jalen Milroe
30%
12 QB $2.2M Bryce Underwood
25%
23 QB $1.8M Cade Klubnik
20%
14 S $2.1M Caleb Downs
20%
22 QB $1.9M Drew Allar
15%
17 SG $2M Kam Jones
15%
13 QB $2.1M Nico Iamaleava
15%
6 SF $2.8M AJ Dybantsa
10%
18 QB $2M Garrett Nussmeier
10%
8 QB $2.5M LaNorris Sellers
10%
25 SF $1.8M Alex Karaban
5%
16 QB $2.1M DJ Lagway
5%
19 C $2M Hunter Dickinson
5%
24 QB $1.8M John Mateer
0%
No matching quizzes found
Score Distribution
Percent of People with Each Score
Percentile by Number Answered
Your Score History
You have not taken this quiz